000 00503cam a2200193 4500
001 D15242
008 090401t1969 xxu||||| |||| 00| 0 eng d
035 _a(Sirsi) u21400
041 _aeng
050 _a333.007
110 _aRoyal Institution of Chartered Surveyors
_94900
245 _aConference of teachers, London, 14th February 1969: conference programme
260 _bRICS
_c1969
300 _a15p
350 _a0
520 _afiled in box 1969/43 A
942 _n0
948 _c04/03/1997
999 _c87970
_d87970